Datum a čas kvízu
34
Celkem bodů
Celkový počet nahraných bodů na tomto kvízu bez doplňovacích otázek.
6.
Pořadí na kvízu
Konečné umístění týmu na tomto kvízu.
Zaznamenané odpovědi
| # | Otázka | Odpověď | Body | Výsledky |
|---|---|---|---|---|
| 1. | Český premiér jednal ve středu... | 1 | ||
| 2. | Kanadská vláda se minulou stře... | 1 | ||
| 3. | Oblíbená americká zpěvačka vyd... | 1 | ||
| 4. | McDonald's přišel o ochrannou... | 1 | ||
| 5. | Nadnárodní výrobce sportovního... | 1 | ||
| 6. | V tomto tématu Vás čeká pět vý... | 1 | ||
| 7. | S Bulharskem nesousedí: | 1 | ||
| 8. | Z níže vypsaných děl vyberte j... | 1 | ||
| 9. | Které z těchto zvířat neřadíme... | 1 | ||
| 10. | Které z těchto příjmení je v Č... | 0 |